00266nam a2200109Ia 4500008004100000082001600041100001800057245003700075250000900112260002700121300000800148150731s2011 xx 000 0 und d a612bU 11 B aBIJLANI, R.L. aUNDERSTANDING MEDICAL PHYSIOLOGY a4 TH bJAPYE PUB. INDIAc2011 a810